| 000 | 00428nam a22001457a 4500 | ||
|---|---|---|---|
| 005 | 20250903144836.0 | ||
| 008 | 230316b |||||||| |||| 00| 0 eng d | ||
| 040 | _cDDC | ||
| 082 |
_aJ P19 _bAM.335 |
||
| 100 |
_d2019 _aAMMU PUNNOOSE |
||
| 245 | _aAGRO TECHNIQUES IN BHINDI FOR PRECISION FARMING | ||
| 260 |
_aCOLLEGE OF AGRICULTURE VELLAYANI _bDEPARTMENT OF AGRONOMY _c2019 |
||
| 700 | _aDr.T. SAJITHA RANI | ||
| 942 |
_2ddc _cTH |
||
| 999 |
_c371019 _d371019 |
||